| 000 | 00385 a2200145 4500 | ||
|---|---|---|---|
| 082 | _a346.73 | ||
| 090 |
_c3286 _d3286 |
||
| 100 | _aKhalid Mehmood Cheema | ||
| 245 |
_aBusiness Law _hKhalid Mehmood Cheema |
||
| 260 |
_aLahore: _bSyed Mobin Mahmud & Co., _c2001. |
||
| 300 |
_a394 p. : _b ill. _c25 cm. |
||
| 500 | _a Includes Index | ||
| 650 | _aCommercial law. | ||
| 942 |
_cBK _k346.73 KHA |
||
| 999 |
_c7200 _d7200 |
||